Start G, finish G - Statistics

General Stats
  • This quiz has been taken 38 times
  • The average score is 9 of 15
Answer Stats
Question Answer % Correct
A booking, for an artiste Gig
97%
A joke (stand-up) Gag
85%
Someone with 'green-fingers' enjoys this Gardening
85%
Former system of labour camps in the Soviet Union Gulag
85%
Type of card, Christmas, birthday, get-well-soon etc Greeting
76%
"_____, _____ gone"? Going
73%
The thing that scallywags join? Gang
70%
Australian slang for booze Grog
70%
Noise made when drinking, or the act of drinking, itself Glug
55%
Done with the hips, when dancing etc Gyrating
52%
Seen at the beginning of Rank Organisation films Gong
42%
Author of Lord of the Flies Golding
39%
What teenage girls do a lot of Giggling
36%
Making funny faces Gurning
24%
Pubescent kids do a lot of this Growing
18%
No matching quizzes found
Score Distribution
Percent of People with Each Score
Percentile by Number Answered
Your Score History
You have not taken this quiz